LEADER 00961nam0 2200277 450 001 000024772 005 20090323082923.0 010 $a88-392-0261-7 100 $a20090323d1985----km-y0itay50------ba 101 1 $aita$ceng 105 $ay-------001yy 200 1 $aLezioni di rettorica e belle lettere$fAdam Smith$gintroduzione, traduzione, note e commento di Roberto Salvucci 210 $aUrbino$cQuattro venti$d1985 215 $a513 p.$d25 cm 225 2 $aRiproposte 410 0$12001$aRiproposte 500 10$aLectures on rhetoric and belles lettres$m$944023 610 1 $aRetorica$aTeorie$aSec. 18. 676 $a808$v21$9Retorica e raccolte di pił di due letterature 700 1$aSmith,$bAdam$071866 702 1$aSalvucci,$bRoberto$4070 801 0$aIT$bUNIPARTHENOPE$c20090323$gRICA$2UNIMARC 912 $a000024772 951 $a030/21$b98-L-V$cNAVA2 996 $aLectures on rhetoric and belles lettres$944023 997 $aUNIPARTHENOPE